Bilecik Bilecik Bilecik Bilecik Bilecik

Turizm terimleri sözlüğü. (Record no. 1397)

MARC details
000 -BAŞLIK
Sabit Uzunluktaki Kontrol Alanı 00712nam a22002777a 4500
001 - KONTROL NUMARASI
Control Dosyası 0001408
003 - KONTROL NUMARASI KİMLİĞİ
Kontrol Alanı KOHA_MİRAKIL
005 - EN SON İŞLEM TARİHİ ve ZAMANI
Kontrol Alanı 20260207001240.0
007 - FİZİKSEL TANIM SABİT ALAN - GENEL BİLGİ
Sabit uzunluklu kontrol alanı ta
008 - SABİT UZUNLUKTAKİ VERİ ÖGELERİ - GENEL BİLGİ
Sabit Alan 081212b2006 tu |||grd|||#0|||0|tur |
020 ## - ISBN - ULUSLARARASI STANDART KİTAP NUMARASI
Kullanılabilirlik koşulları 16,84
040 ## - KATALOGLAMA KAYNAĞI
Özgün Kataloglama Kurumu TR-BiSEU
Kataloglama Dili tur
Çeviri Kurumu TR-BiSEU
Açıklama Kuralları rda
041 0# - DİL KODU
Metin ya da ses kaydının dil kodu tur
044 ## - YAYINLAYAN/ÜRETEN KURULUŞUN ÜLKE KODU
ISO country code tu
050 ## - SINIFLAMA ve YER NUMARASI
Sınıflama Numarası G155
Yer Numarası .I54 2006
245 0# - ESER ADI BİLDİRİMİ
Başlık Turizm terimleri sözlüğü.
264 #1 - ÜRERİM, YAYIN, DAĞITIM ve TELİF BİLDİRİMİ
Yayın yeri İstanbul :
Yayınlayan Fono Yayınları
Yayın tarihi 2006
300 ## - FİZİKSEL TANIMLAMA
Sayfa, Cilt vb. 496 sayfa
336 ## - İÇERİK TÜRÜ
Content type term metin
Content type code txt
Source rdacontent
337 ## - MEDYA TÜRÜ
Media type term aracısız
Media type code n
Source rdamedia
338 ## - TAŞIYICI TÜRÜ
Carrier type term cilt
Carrier type code nc
Source rdacarrier
650 #0 - KONU BAŞLIĞI EK GİRİŞ - KONU TERİMİ
Konusal terim veya coğrafi ad Turizm--Sözlükler.
9 (RLIN) 4517
650 #0 - KONU BAŞLIĞI EK GİRİŞ - KONU TERİMİ
Konusal terim veya coğrafi ad Tourism--Dictionaries.
9 (RLIN) 3456
907 ## - LOCAL DATA ELEMENT G, LDG (RLIN)
a Sözlük
942 ## - EK GİRİŞ ÖGELERİ (KOHA)
Source of classification or shelving scheme Library of Congress Classification
Koha item type Book
Holdings
Materyal Türü Kalıcı Konum Mevcut Konum Raf Yeri Koleksiyon Kodu Sınıflandırma Kaynağı Edinim Bilgisi Ana Konular Alt Konular Yer Numarası Demirbaş Numarası Fatura Tarihi Maliyet, Alış Fiyatı Maliyet, Yenileme Fiyatı Geri Çekilme Durumu Kayıp Durumu Hasarlı Durumu Kredi için değil Kayıt Tarih Toplam Ödünçverme Son Görülme Tarihi Son Kontrol Tarihi
Danışma Kaynakları Prof. Dr. Azmi Özcan Kütüphanesi Prof. Dr. Azmi Özcan Kütüphanesi Uluğbey Salonu Referans Library of Congress Classification Satın COĞRAFYA, ANTROPOLOJİ, REKREASYON Coğrafya (Genel), Atlaslar, Haritalar G155 .I54 2006 0001408 12/12/2008 18.19 18.19       Ödünç verilmez 12/12/2008 16 27/05/2025 27/05/2025